00365nam a2200133 450000500170000001000150001702000260003203500140005803700090007208200170008124500730009830000210017170000390019220260410154703.0 aENG-148021 a9788198451194c500.00 aEN-131553 bDBAD 22025a954.31 aNorth chennai Education and Community Development/cM. Priyadarshini a382.hbc25cm(pb) aM.Priyadarshini, J. Mary Catherine